| 000 | 00776cad a22002055a 4500 | ||
|---|---|---|---|
| 001 | E145094 | ||
| 008 | 080905s2008 stk f 000 0 eng | | ||
| 035 | _a(Sirsi) u145094 | ||
| 041 | 0 | _aeng | |
| 110 | 2 |
_aRoyal Institution of Chartered Surveyors _bScotland _93082 |
|
| 245 | 0 | 0 |
_aConsultation on future of flood risk management _h[electronic resource] |
| 260 |
_aEdinburgh _bRICS Scotland _c2008 |
||
| 300 |
_a[5]p. _c30cm. |
||
| 490 |
_aPPU/REPORT _v(08)9 |
||
| 520 | _aResponse to the Scottish Government. | ||
| 651 | 4 |
_aScotland _y1999- |
|
| 690 | _aENVIRONMENTAL AND LAND CONSULTANCY-WATER RESOURCE MANAGEMENT-FLOODING | ||
| 856 | 4 | 1 | _zView the response free of charge at www.rics.org... |
| 942 | _n0 | ||
| 999 |
_c108694 _d108694 |
||